| 000 | 00673nam a22001697a 4500 | ||
|---|---|---|---|
| 999 |
_c10264 _d10264 |
||
| 008 | 180809b ||||| |||| 00| 0 eng d | ||
| 082 |
_22018 _aUT 1008 _bE51 |
||
| 100 |
_930271 _aEltagonde, Iryl Mae R. |
||
| 245 |
_aPlight of the autism spectrum disorder learners on language learning: _bthe untold stories of teachers/ _cIryl Mae R. Eltagonde, Lady Diane Puerto and Jocelyn O. Batilo. |
||
| 260 |
_aDigos City: _bUMDC _cMach 2018. |
||
| 300 |
_a62 pages; _b30 cm. |
||
| 650 | 0 |
_930274 _aEducation. _vEnglish _xUndegraduate thesis. |
|
| 700 |
_930275 _aEltagonde, Iryl Mae R. |
||
| 700 |
_930276 _aPuerto, Lady Diane. |
||
| 700 |
_930277 _aBatilo, Jocelyn O. |
||
| 942 |
_2ddc _cUT |
||